Recherche opérationnelle: vocabulaire Francais-Anglais, Anglais-Francais

Uloženo v:
Podrobná bibliografie
Hlavní autor: Oliver, A. L. (Alain Lancelot) (auteur)
Médium: Kniha
Jazyk:francouzština
angličtina
Vydáno: París Dunod 1967
Témata:
Tagy: Přidat tag
Žádné tagy, Buďte první, kdo vytvoří štítek k tomuto záznamu!

MARC

LEADER 00000nam a2200000 a 4500
001 UCT7563
003 CL-VaPUC
008 970123e19670000FR |||||||||||||||||fre|d
041 0 7 |a fre  |2 CL-VaPUC 
041 0 7 |a eng  |2 CL-VaPUC 
082 0 4 |a 003.03  |b OLI  |2 21 
100 |a Oliver, A. L.  |q (Alain Lancelot)  |e auteur  |9 378566 
245 1 0 |a Recherche opérationnelle: vocabulaire Francais-Anglais, Anglais-Francais 
246 1 0 |a Operational research: English-French, French-English vocabulary 
300 |a 148 p 
942 |c BK 
945 |d 19970123 00:00:00  |a nastorga 
260 |a París  |b Dunod  |c 1967 
650 0 |a Investigación operativa  |9 259383 
650 0 |a Diccionarios  |9 256200 
583 |a last modification  |c 20180306 02:03:51  |k Rodrigo Vera 
999 |c 256145  |d 256143 
952 |0 0  |1 0  |4 0  |6 003_030000000000000_OLI_1967  |7 0  |8 F  |9 278718  |a BIBGIM  |b BIBGIM  |d 2019-11-19  |i 3278611  |o 003.03 OLI 1967  |p 3278611  |r 2025-01-15  |w 2019-11-19  |y BK_F  |k COM